Multiple Choice City Quiz – Shanghai - Statistics

General Stats
  • This quiz has been taken 12,967 times
  • The average score is 6 of 10
Answer Stats
Question Answer % Correct
Shanghai recently gained notoriety for ... Having one of the world's most extreme Covid lockdowns
78%
Where in China is Shanghai located?
77%
Who occupied Shanghai during the First Opium War? United Kingdom
74%
Shanghai has ... All of the above
70%
Which picture depicts Shanghai?
67%
Shanghai is located on the delta of what river? Yangtze
65%
What does the word "shanghai" mean in the English language? To kidnap someone for service on a ship
48%
Which of these cities is located nearest to Shanghai? Suzhou
38%
What is the name of the former colonial area of Shanghai which has lots of European buildings? The Bund
31%
Shanghainese is a variety of which Chinese language? Wu
29%
No matching quizzes found
Score Distribution
Percent of People with Each Score
Percentile by Number Answered
Your Score History
You have not taken this quiz